[Event "Druga liga Srbije - Vojvodina 2008"]
[Site "Sombor"]
[Date "2008.10.05"]
[Round "7"]
[White "Roganovic, Milos"]
[Black "Bodiroga, Predrag"]
[Result "1-0"]
[WhiteElo "2458"]
[BlackElo "2435"]
[PlyCount "91"]
[EventDate "2008.??.??"]
[Source "Perpetual Check"]

1. e4 c6 2. d4 d5 3. exd5 cxd5 4. Bf4 Nc6 5. c3 Nf6 6. Bd3 Bg4 7. Qb3 Qc8 8.
Nd2 e6 9. Ngf3 Be7 10. O-O O-O 11. Rae1 Bh5 12. Bg5 Qc7 13. Ne5 Nxe5 14. dxe5
Ne8 15. Bxe7 Qxe7 16. f4 Bg6 17. f5 exf5 18. Nf3 Nc7 19. Nd4 Qc5 20. Bxf5 Bxf5
21. Rxf5 Ne6 22. Qb5 b6 23. Qd3 Rac8 24. Ref1 Nxd4 25. cxd4 Qc4 26. Qxc4 dxc4
27. R1f4 b5 28. Kf1 Rcd8 29. Ke2 a6 30. a3 Rd7 31. Kd2 Re8 32. Kc3 h6 33. h4
Re6 34. h5 Kf8 35. g4 Ke8 36. Kb4 Rc6 37. g5 hxg5 38. Rxg5 f6 39. Rgf5 Ke7 40.
d5 Rc8 41. d6+ Ke6 42. exf6 gxf6 43. Rxf6+ Ke5 44. R4f5+ Ke4 45. Rc5 a5+ 46.
Kxb5 1-0

[Event "Druga liga Srbije - Vojvodina 2008"]
[Site "Sombor"]
[Date "2008.10.05"]
[Round "7"]
[White "Somborski, Nebojsa"]
[Black "Balog, Imre"]
[Result "1/2-1/2"]
[WhiteElo "2379"]
[BlackElo "2423"]
[PlyCount "60"]
[EventDate "2008.??.??"]
[Source "Perpetual Check"]

1. e4 e6 2. d4 d5 3. Nd2 Nf6 4. e5 Nfd7 5. c3 c5 6. Ngf3 Nc6 7. Bd3 g6 8. O-O
Qb6 9. dxc5 Qc7 10. c4 Ndxe5 11. cxd5 Nxd3 12. Ne4 f5 13. Nf6+ Kf7 14. Qxd3 Ne5
15. dxe6+ Bxe6 16. Nxe5+ Qxe5 17. Nd7 Qe4 18. Qxe4 fxe4 19. Nxf8 Rhxf8 20. Bf4
Rfc8 21. Bd6 a5 22. a3 a4 23. f3 exf3 24. Rxf3+ Kg8 25. Re1 Re8 26. Rfe3 Bd7
27. Re7 Bc6 28. Kf2 Rxe7 29. Rxe7 Rf8+ 30. Kg3 Re8 1/2-1/2

[Event "Druga liga Srbije - Vojvodina 2008"]
[Site "Sombor"]
[Date "2008.10.05"]
[Round "7"]
[White "Dekic, Josip"]
[Black "Lalic, Dragan"]
[Result "1-0"]
[WhiteElo "2342"]
[BlackElo "2367"]
[PlyCount "75"]
[EventDate "2008.??.??"]
[Source "Perpetual Check"]

1. e4 d6 2. d4 Nf6 3. Nc3 g6 4. Nf3 Bg7 5. h3 O-O 6. Be3 c6 7. a4 d5 8. e5 Ne4
9. Nxe4 dxe4 10. Ng5 c5 11. c3 Qd5 12. dxc5 Qxe5 13. Bc4 Nc6 14. Qc2 e6 15.
Qxe4 h6 16. f4 Qc7 17. Nf3 b6 18. cxb6 axb6 19. Bb5 Bb7 20. Qc4 Rfc8 21. O-O
Qb8 22. Qe2 Ne7 23. Ne5 Bxe5 24. fxe5 Nf5 25. Bf2 Bc6 26. Bxc6 Rxc6 27. c4 Qd8
28. Rad1 Qg5 29. b3 h5 30. Qd2 Qxd2 31. Rxd2 h4 32. Rd7 g5 33. Rb7 Ra6 34. Rd1
Ra5 35. Rxb6 Rxb6 36. Bxb6 Rxe5 37. a5 Re2 38. Rc1 1-0

[Event "Druga liga Srbije - Vojvodina 2008"]
[Site "Sombor"]
[Date "2008.10.05"]
[Round "7"]
[White "Perisic, Radivoj"]
[Black "Tokovic, Svetozar"]
[Result "1-0"]
[WhiteElo "2318"]
[BlackElo "2254"]
[PlyCount "71"]
[EventDate "2008.??.??"]
[Source "Perpetual Check"]

1. e4 c5 2. Nf3 e6 3. d4 cxd4 4. Nxd4 a6 5. Nc3 Qc7 6. Be2 Nc6 7. O-O Nf6 8.
Kh1 Nxd4 9. Qxd4 d6 10. f4 Qc5 11. Qd3 Be7 12. Be3 Qc7 13. Bd4 e5 14. fxe5 dxe5
15. Qg3 Be6 16. Bxe5 Qc5 17. Rad1 Nd7 18. Bd4 Qg5 19. Qxg5 Bxg5 20. Bxg7 Rg8
21. Bd4 Rc8 22. h3 Nb8 23. Bd3 Nc6 24. Bf6 Bxf6 25. Rxf6 Ne5 26. Kh2 Ke7 27.
Rf2 Rc5 28. a3 b5 29. Rdd2 Rgc8 30. Ne2 Rb8 31. c3 a5 32. Nd4 b4 33. cxb4 axb4
34. a4 Rd8 35. Bb5 Rb8 36. Rc2 1-0

[Event "Druga liga Srbije - Vojvodina 2008"]
[Site "Sombor"]
[Date "2008.10.05"]
[Round "7"]
[White "Ivanovic, Miroslav"]
[Black "Strbac, Mladen"]
[Result "0-1"]
[WhiteElo "2168"]
[BlackElo "2300"]
[PlyCount "74"]
[EventDate "2008.??.??"]
[Source "Perpetual Check"]

1. c4 f5 2. g3 Nf6 3. Bg2 g6 4. Nf3 Bg7 5. O-O O-O 6. Nc3 d6 7. d3 c6 8. e4 Nh5
9. exf5 Bxf5 10. h3 Nf6 11. d4 Na6 12. Re1 Re8 13. Bf4 Nb4 14. g4 Nd3 15. gxf5
Nxf4 16. fxg6 hxg6 17. Ne2 N6h5 18. Nxf4 Nxf4 19. Re4 Rf8 20. Ng5 e5 21. Qg4
Rf5 22. h4 d5 23. cxd5 cxd5 24. Rxe5 Bxe5 25. dxe5 Nxg2 26. Kxg2 Qb6 27. Rf1
Raf8 28. f4 Rc8 29. Rf2 d4 30. Kg3 Rc1 31. Qf3 Qc6 32. Ne4 Kg7 33. Qd3 Rf7 34.
e6 Qxe6 35. Qxd4+ Kg8 36. Rd2 Rc4 37. f5 Qxe4 0-1

[Event "Druga liga Srbije - Vojvodina 2008"]
[Site "Sombor"]
[Date "2008.10.05"]
[Round "7"]
[White "Vajdic, Nikola"]
[Black "Strangar, Zlatko"]
[Result "1/2-1/2"]
[WhiteElo "2269"]
[BlackElo "2174"]
[PlyCount "132"]
[EventDate "2008.??.??"]
[Source "Perpetual Check"]

1. Nf3 Nf6 2. c4 g6 3. Nc3 Bg7 4. g3 O-O 5. Bg2 d6 6. O-O e5 7. d3 Nc6 8. Rb1
a5 9. a3 h6 10. b4 axb4 11. axb4 Be6 12. b5 Ne7 13. Bb2 Nd7 14. Qc2 Nc5 15. Ra1
Qd7 16. Rxa8 Rxa8 17. Ra1 Rxa1+ 18. Bxa1 e4 19. Nd2 exd3 20. exd3 Bg4 21. Bb2
Nf5 22. Nce4 Nd4 23. Bxd4 Bxd4 24. Nxc5 dxc5 25. Bxb7 Qe6 26. Be4 Kg7 27. Nf1
f5 28. Bg2 Qe2 29. Qxe2 Bxe2 30. Nd2 Bxd3 31. Bf1 Bc2 32. Nf3 Bc3 33. Be2 g5
34. h3 Kf6 35. Kf1 Be4 36. Nh2 Ke6 37. Nf3 Bb1 38. Kg2 Kd7 39. Ng1 Kc8 40. Bf3
Kb8 41. Bd5 Ka7 42. f4 gxf4 43. gxf4 Kb6 44. Nf3 Ka5 45. Ne5 Kb4 46. Kf3 Bd4
47. Nc6+ Kc3 48. Nb8 Bd3 49. Na6 Bxc4 50. Nxc7 Bxd5+ 51. Nxd5+ Kd2 52. Ne7 c4
53. Nxf5 Bb6 54. Ng3 c3 55. Ne2 c2 56. f5 Bd8 57. Kf2 Bb6+ 58. Kf3 Bd8 59. Nd4
Kd3 60. Nxc2 Kxc2 61. Kg4 Kd3 62. Kh5 Ke4 63. Kg6 Ke5 64. b6 Bxb6 65. f6 Bc5
66. Kxh6 Kxf6 1/2-1/2

[Event "Druga liga Srbije - Vojvodina 2008"]
[Site "Sombor"]
[Date "2008.10.05"]
[Round "7"]
[White "Galo, Dejan"]
[Black "Andrijevic, Milan"]
[Result "1-0"]
[WhiteElo "2092"]
[BlackElo "2367"]
[PlyCount "116"]
[EventDate "2008.??.??"]
[Source "Perpetual Check"]

1. e4 c5 2. Nf3 e6 3. b3 a6 4. Bb2 Nc6 5. d4 cxd4 6. Nxd4 d6 7. Nd2 Nf6 8. Nxc6
bxc6 9. e5 dxe5 10. Bxe5 Qa5 11. Bb2 Ne4 12. Bd3 Nxd2 13. Qxd2 Bb4 14. c3 Be7
15. O-O O-O 16. Qc2 h6 17. c4 Bb7 18. Rfe1 Bd6 19. Re3 Rae8 20. Rd1 Qc7 21.
Bh7+ Kh8 22. Rh3 Be5 23. Be4 Rd8 24. Re1 Qa5 25. Qc1 f5 26. Bxe5 Qxe5 27. Bxc6
Qc7 28. Bxb7 Qxb7 29. Rxe6 f4 30. Rc3 f3 31. Qe1 Rd4 32. Re8 Rxe8 33. Qxe8+ Kh7
34. gxf3 Qc7 35. Re3 Qd6 36. Re6 Rd1+ 37. Kg2 Qd3 38. Re2 Qd6 39. Qe4+ Kh8 40.
Qe6 Qc7 41. Qe8+ Kh7 42. Re6 Rd8 43. Qg6+ Kh8 44. b4 Qd7 45. c5 Rf8 46. c6 Qd5
47. Qe4 Qg5+ 48. Qg4 Qd8 49. Qh5 Kg8 50. a4 Qc8 51. Qd5 Kh8 52. Qd7 Qa8 53. Re7
Rg8 54. c7 Kh7 55. Qf5+ Kh8 56. b5 axb5 57. axb5 Qb7 58. Qf7 Qxb5 1-0

[Event "Druga liga Srbije - Vojvodina 2008"]
[Site "Sombor"]
[Date "2008.10.05"]
[Round "7"]
[White "Kosic, Dragan"]
[Black "Markovic, Milovan"]
[Result "1-0"]
[WhiteElo "2511"]
[BlackElo "2254"]
[PlyCount "71"]
[EventDate "2008.??.??"]
[Source "Perpetual Check"]

1. d4 d5 2. Nf3 c6 3. c4 Nf6 4. Qc2 dxc4 5. Qxc4 Bf5 6. g3 e6 7. Bg2 Nbd7 8.
O-O Be7 9. Nc3 O-O 10. Qb3 Qb6 11. Qxb6 axb6 12. Nh4 b5 13. Nxf5 exf5 14. d5
Ra6 15. dxc6 bxc6 16. Bf4 b4 17. Nd1 Ne4 18. g4 g6 19. gxf5 gxf5 20. Ne3 Ra5
21. Bc7 Rb5 22. Nxf5 Rxf5 23. Bxe4 Rf6 24. Rac1 Nc5 25. Bf3 Rc8 26. Be5 Rg6+
27. Kh1 Nd7 28. Bg3 c5 29. Rfd1 Nf8 30. b3 Ne6 31. Rd7 Bf6 32. Bd5 Nd4 33.
Bxf7+ Kh8 34. Bxg6 hxg6 35. e3 Nb5 36. Rc4 1-0

[Event "Druga liga Srbije - Vojvodina 2008"]
[Site "Sombor"]
[Date "2008.10.05"]
[Round "7"]
[White "Kizov, Atanas"]
[Black "Nikac, Predrag"]
[Result "1/2-1/2"]
[WhiteElo "2439"]
[BlackElo "2390"]
[PlyCount "59"]
[EventDate "2008.??.??"]
[Source "Perpetual Check"]

1. d4 f5 2. g3 g6 3. Bg2 Bg7 4. Nf3 d6 5. O-O Nf6 6. Nbd2 Nc6 7. Re1 O-O 8. e4
Nxe4 9. Nxe4 fxe4 10. Rxe4 Bf5 11. Re1 e5 12. Bg5 Bf6 13. Bh6 Re8 14. dxe5 dxe5
15. c3 Qd6 16. Ng5 Bxg5 17. Bxg5 Qxd1 18. Raxd1 e4 19. h3 h5 20. Bf4 Ne5 21.
Bxe5 Rxe5 22. Rd4 c5 23. Rd6 Kf7 24. f4 Re7 25. Kf2 Rae8 26. Ke3 Rd7 27. Red1
Rxd6 28. Rxd6 b6 29. Bh1 Ke7 30. Rd2 1/2-1/2

[Event "Druga liga Srbije - Vojvodina 2008"]
[Site "Sombor"]
[Date "2008.10.05"]
[Round "7"]
[White "Kontic, Djordjije"]
[Black "Dragojlovic, Andjelko"]
[Result "0-1"]
[WhiteElo "2380"]
[BlackElo "2393"]
[PlyCount "72"]
[EventDate "2008.??.??"]
[Source "Perpetual Check"]

1. e4 c5 2. Nc3 Nc6 3. Nf3 g6 4. Bc4 Bg7 5. O-O d6 6. a3 Nf6 7. h3 O-O 8. d3 a6
9. Bg5 b5 10. Ba2 Rb8 11. Qd2 b4 12. axb4 Nxb4 13. Bb3 e5 14. Nh4 Qb6 15. Bc4
Be6 16. Rfe1 Nh5 17. Na4 Qb7 18. c3 Nc6 19. g4 Nf4 20. Bxf4 exf4 21. Qxf4 Bxc4
22. dxc4 Ne5 23. Red1 Nxc4 24. Nf5 Be5 25. Qg5 f6 26. Nh6+ Kh8 27. Qh4 Qxe4 28.
Nxc5 dxc5 29. Rd7 Rb7 30. Rad1 Nd6 31. R1xd6 Bxd6 32. Rxd6 Rxb2 33. Rd1 Rb1 34.
Rxb1 Qxb1+ 35. Kh2 Qb8+ 36. Kg2 Qf4 0-1

[Event "Druga liga Srbije - Vojvodina 2008"]
[Site "Sombor"]
[Date "2008.10.05"]
[Round "7"]
[White "Miranovic, Rajko"]
[Black "Pezelj, Novak"]
[Result "1/2-1/2"]
[WhiteElo "2383"]
[BlackElo "2325"]
[PlyCount "61"]
[EventDate "2008.??.??"]
[Source "Perpetual Check"]

1. e4 c6 2. d4 d5 3. exd5 cxd5 4. Nf3 Nf6 5. Ne5 Nc6 6. c3 e6 7. Nd2 Nxe5 8.
dxe5 Nd7 9. Nf3 Qc7 10. Bf4 Nc5 11. Be2 Bd7 12. O-O Be7 13. c4 dxc4 14. Bxc4
O-O 15. Rc1 a5 16. Nd4 Bc6 17. Qe2 Rfd8 18. Rfd1 Rac8 19. h3 Qb8 20. a3 a4 21.
Nb5 Bxb5 22. Bxb5 Rxd1+ 23. Rxd1 Rd8 24. Rxd8+ Qxd8 25. Qc4 Qd1+ 26. Kh2 b6 27.
Be3 g6 28. Bc6 Qd3 29. Qxd3 Nxd3 30. Bxa4 Nxb2 31. Bb5 1/2-1/2

[Event "Druga liga Srbije - Vojvodina 2008"]
[Site "Sombor"]
[Date "2008.10.05"]
[Round "7"]
[White "Robulj, Nenad"]
[Black "Grujic, Zoran"]
[Result "1/2-1/2"]
[WhiteElo "2267"]
[BlackElo "2335"]
[PlyCount "61"]
[EventDate "2008.??.??"]
[Source "Perpetual Check"]

1. e4 c5 2. Nf3 e6 3. c3 Nf6 4. d3 Nc6 5. g3 d5 6. e5 Nd7 7. d4 Be7 8. Bg2 O-O
9. O-O b5 10. Re1 a5 11. dxc5 Bxc5 12. Be3 Bxe3 13. Rxe3 Qc7 14. Qe1 Ba6 15.
Nbd2 Rab8 16. Bf1 Qb6 17. Nb3 b4 18. Bxa6 Qxa6 19. Nbd4 Rfc8 20. Nxc6 Rxc6 21.
Nd4 Rcc8 22. f4 bxc3 23. bxc3 Rb2 24. f5 Nc5 25. g4 Ne4 26. Qh4 Qb6 27. fxe6
fxe6 28. Qe7 Rf8 29. Rae1 Rf7 30. Qe8+ Rf8 31. Qe7 1/2-1/2

[Event "Druga liga Srbije - Vojvodina 2008"]
[Site "Sombor"]
[Date "2008.10.05"]
[Round "7"]
[White "Saric, Sinisa"]
[Black "Szuhanek, Ranko"]
[Result "1/2-1/2"]
[WhiteElo "2414"]
[BlackElo "2457"]
[PlyCount "37"]
[EventDate "2008.??.??"]
[Source "Perpetual Check"]

1. d4 Nf6 2. c4 e6 3. Nc3 Bb4 4. Qc2 c5 5. dxc5 O-O 6. a3 Bxc5 7. Nf3 b6 8. Bg5
Be7 9. e3 Bb7 10. Be2 d6 11. O-O Nbd7 12. Rfd1 a6 13. Rac1 Qc7 14. Nd4 Rac8 15.
b4 Rfe8 16. Qb3 Qb8 17. Bf3 Qa8 18. Bxb7 Qxb7 19. Na4 1/2-1/2

[Event "Druga liga Srbije - Vojvodina 2008"]
[Site "Sombor"]
[Date "2008.10.05"]
[Round "7"]
[White "Lekic, Dusan"]
[Black "Rogac, Srdjan"]
[Result "1/2-1/2"]
[WhiteElo "2394"]
[BlackElo "2303"]
[PlyCount "36"]
[EventDate "2008.??.??"]
[Source "Perpetual Check"]

1. d4 Nf6 2. c4 e6 3. Nf3 Bb4+ 4. Bd2 c5 5. Bxb4 cxb4 6. g3 O-O 7. Bg2 d6 8.
Nbd2 Qe7 9. Nf1 b6 10. Ne3 Bb7 11. O-O Be4 12. d5 e5 13. a3 bxa3 14. Rxa3 a5
15. b4 Na6 16. bxa5 Nc5 17. a6 Nxa6 18. Qa1 Qb7 1/2-1/2

[Event "Druga liga Srbije - Vojvodina 2008"]
[Site "Sombor"]
[Date "2008.10.05"]
[Round "7"]
[White "Mijatovic, Dejan"]
[Black "Savanovic, Vuk"]
[Result "1-0"]
[WhiteElo "2278"]
[BlackElo "2225"]
[PlyCount "73"]
[EventDate "2008.??.??"]
[Source "Perpetual Check"]

1. d4 Nf6 2. Nf3 g6 3. g3 Bg7 4. Bg2 O-O 5. O-O d6 6. c4 Nbd7 7. Nc3 c6 8. e4
e5 9. Re1 Qc7 10. h3 Rd8 11. Be3 Nf8 12. Qd2 b6 13. Rad1 Ba6 14. b3 Rac8 15.
Rc1 Qb8 16. d5 b5 17. cxb5 cxb5 18. Nh2 Rc7 19. g4 N6d7 20. Bf1 Qb7 21. f3 Rb8
22. b4 Qc8 23. a4 bxa4 24. b5 Bb7 25. Nxa4 Ra8 26. Qb4 Rxc1 27. Rxc1 Qb8 28. g5
f6 29. h4 Kf7 30. Qa5 Ke7 31. Qc7 a6 32. b6 Qxc7 33. Rxc7 Rb8 34. Nb2 f5 35.
Nc4 Bc8 36. Na5 Kd8 37. Nc6+ 1-0

[Event "Druga liga Srbije - Vojvodina 2008"]
[Site "Sombor"]
[Date "2008.10.05"]
[Round "7"]
[White "Medar, Zeljko"]
[Black "Bokan, Danko"]
[Result "1/2-1/2"]
[WhiteElo "2184"]
[BlackElo "2323"]
[PlyCount "41"]
[EventDate "2008.??.??"]
[Source "Perpetual Check"]

1. d4 Nf6 2. Nf3 g6 3. Bg5 Bg7 4. Nbd2 d6 5. h3 O-O 6. e3 h6 7. Bf4 Nbd7 8. Be2
Re8 9. O-O e5 10. Bh2 exd4 11. exd4 b6 12. c3 Bb7 13. Re1 Ne4 14. Nxe4 Rxe4 15.
Qb3 Nf6 16. Nd2 Re7 17. Bf3 Bxf3 18. Nxf3 Rxe1+ 19. Rxe1 Qd7 20. Qc4 d5 21. Qb3
1/2-1/2

[Event "Druga liga Srbije - Vojvodina 2008"]
[Site "Sombor"]
[Date "2008.10.05"]
[Round "7"]
[White "Jovic, Stevan"]
[Black "Cabarkapa, Velibor"]
[Result "1-0"]
[WhiteElo "2238"]
[BlackElo "2289"]
[PlyCount "48"]
[EventDate "2008.??.??"]
[Source "Perpetual Check"]

1. d4 d5 2. c4 c6 3. e3 Nf6 4. Nc3 e6 5. Nf3 Nbd7 6. Qc2 Bd6 7. Be2 O-O 8. O-O
dxc4 9. Bxc4 e5 10. Rd1 Qe7 11. h3 h6 12. a4 e4 13. Nd2 Nb6 14. Bf1 Re8 15. a5
Nbd5 16. Nc4 Bb8 17. b3 Nxc3 18. Qxc3 Nd5 19. Qd2 f5 20. Ba3 Qf6 21. g3 g5 22.
Ne5 f4 23. Bb2 fxe3 24. fxe3 Bxe5 {dalje je necitko} 1-0

[Event "Druga liga Srbije - Vojvodina 2008"]
[Site "Sombor"]
[Date "2008.10.05"]
[Round "7"]
[White "Miljanic, Boro"]
[Black "Galyas, Miklos"]
[Result "1/2-1/2"]
[WhiteElo "2404"]
[BlackElo "2454"]
[PlyCount "53"]
[EventDate "2008.??.??"]
[Source "Perpetual Check"]

1. e4 e6 2. d4 d5 3. e5 c5 4. c3 Nc6 5. Nf3 Qb6 6. a3 c4 7. Nbd2 Na5 8. Be2 Bd7
9. O-O Ne7 10. Rb1 Qc7 11. Ng5 h6 12. Nh3 O-O-O 13. f4 Kb8 14. Rf2 f5 15. g4
Be8 16. g5 Nc8 17. Nf1 h5 18. Kh1 g6 19. Ng1 Nb6 20. Ne3 Rc8 21. Nf3 Nb3 22.
Nh4 Qf7 23. Bf3 Rc7 24. Qe1 Ba4 25. Nf1 Qe8 26. Be3 Nc8 27. Nd2 1/2-1/2

[Event "Druga liga Srbije - Vojvodina 2008"]
[Site "Sombor"]
[Date "2008.10.05"]
[Round "7"]
[White "Vlahovic, Bogdan"]
[Black "Tomic, Bosko"]
[Result "1/2-1/2"]
[WhiteElo "2362"]
[BlackElo "2405"]
[PlyCount "62"]
[EventDate "2008.??.??"]
[Source "Perpetual Check"]

1. Nf3 Nf6 2. c4 g6 3. b3 Bg7 4. Bb2 d6 5. g3 c5 6. Bg2 e5 7. O-O Nc6 8. d3 O-O
9. Nc3 h6 10. Nd2 Be6 11. Nde4 Ne8 12. Nd5 f5 13. Nd2 g5 14. e3 g4 15. a3 Nc7
16. Rb1 Rb8 17. Ba1 b5 18. Nxc7 Qxc7 19. Qc2 bxc4 20. bxc4 Ne7 21. Bc3 Bd7 22.
Rxb8 Rxb8 23. Rb1 Rxb1+ 24. Qxb1 Ba4 25. h3 h5 26. hxg4 hxg4 27. Qb2 Qb6 28.
Qa1 Bh6 29. Qe1 Bd7 30. Qd1 Qa6 31. Qb3 Qb6 1/2-1/2

[Event "Druga liga Srbije - Vojvodina 2008"]
[Site "Sombor"]
[Date "2008.10.05"]
[Round "7"]
[White "Vujadinovic, Goran"]
[Black "Mijovic, Stefan"]
[Result "1/2-1/2"]
[WhiteElo "2363"]
[BlackElo "2287"]
[PlyCount "44"]
[EventDate "2008.??.??"]
[Source "Perpetual Check"]

1. Nf3 d5 2. g3 Nf6 3. Bg2 e6 4. O-O Be7 5. d3 O-O 6. Nbd2 c5 7. e4 Nc6 8. Re1
b5 9. e5 Nd7 10. Nf1 Bb7 11. h4 Re8 12. N1h2 a5 13. h5 a4 14. a3 b4 15. Ng4 Nb6
16. c3 Na5 17. Bf4 Nb3 18. Ra2 Nd7 19. Nd2 Bc6 20. axb4 Nxd2 21. b5 Bxb5 22.
Qxd2 Rb8 1/2-1/2

[Event "Druga liga Srbije - Vojvodina 2008"]
[Site "Sombor"]
[Date "2008.10.05"]
[Round "7"]
[White "Levnajic, Pavle"]
[Black "Stanojevic, Branko"]
[Result "0-1"]
[WhiteElo "2240"]
[BlackElo "2275"]
[PlyCount "128"]
[EventDate "2008.??.??"]
[Source "Perpetual Check"]

1. d4 Nf6 2. c4 e6 3. g3 d5 4. Nf3 Be7 5. Bg2 O-O 6. Qc2 a6 7. Nbd2 Nc6 8. O-O
dxc4 9. Qxc4 Qd5 10. b3 Rd8 11. Bb2 Bb4 12. Rfd1 Bd7 13. Rac1 Rac8 14. Nf1 Be8
15. Ne3 Qa5 16. Qc2 Be7 17. a3 Qb5 18. Nc4 Qf5 19. Rd3 Ne4 20. Nh4 Bxh4 21. Rf3
Qg6 22. Rf4 Nf6 23. Qxg6 hxg6 24. gxh4 Nd5 25. Rg4 Nf6 26. Rf4 Nh5 27. Re4 Ne7
28. Re5 Bc6 29. Na5 Bxg2 30. Kxg2 b6 31. Nc6 Nxc6 32. Rxc6 Rd6 33. Rc4 c6 34.
Kf3 Nf6 35. Rg5 Rd5 36. e4 Rdd8 37. Rg1 c5 38. Rgc1 Rb8 39. b4 cxd4 40. Rxd4
Rxd4 41. Bxd4 Rd8 42. Bxf6 gxf6 43. Ke3 Rd6 44. Rc8+ Kg7 45. Ra8 b5 46. Rc8 e5
47. Rc7 Kf8 48. Ra7 Kg7 49. Ra8 Kh7 50. Ra7 Kg7 51. Ra8 f5 52. f3 f4+ 53. Ke2
f5 54. Re8 Kf6 55. h5 fxe4 56. h6 Rd7 57. fxe4 Rh7 58. Rf8+ Kg5 59. Re8 Rxh6
60. Rxe5+ Kg4 61. Re6 Rxh2+ 62. Kd3 g5 63. Rf6 Rh3+ 64. Kd4 Kf3 {
nije zavrsen unos poteza} 0-1

[Event "Druga liga Srbije - Vojvodina 2008"]
[Site "Sombor"]
[Date "2008.10.05"]
[Round "7"]
[White "Kolognat, Petar"]
[Black "Sevo, Dusan"]
[Result "1-0"]
[WhiteElo "2292"]
[BlackElo "2285"]
[PlyCount "53"]
[EventDate "2008.??.??"]
[Source "Perpetual Check"]

1. e4 c5 2. c3 g6 3. d4 Bg7 4. Nf3 cxd4 5. cxd4 d6 6. Bb5+ Nd7 7. Nc3 a6 8. Bc4
e6 9. a4 Ngf6 10. O-O O-O 11. Re1 Qc7 12. Bb3 e5 13. h3 b6 14. Be3 Bb7 15. Rc1
Rad8 16. Nd5 Qb8 17. Ne7+ Kh8 18. Ng5 exd4 19. Bxd4 Ne5 20. f4 Rd7 21. Nd5 h6
22. Nxf6 Bxf6 23. Bxe5 Bxe5 24. Nxf7+ Rfxf7 25. Bxf7 Bxf4 26. Qd4+ Kh7 27. Qf6
1-0

[Event "Druga liga Srbije - Vojvodina 2008"]
[Site "Sombor"]
[Date "2008.10.05"]
[Round "7"]
[White "Jakovljev, Zoran"]
[Black "Bogic, Stevan"]
[Result "1-0"]
[WhiteElo "2233"]
[BlackElo "2259"]
[PlyCount "57"]
[EventDate "2008.??.??"]
[Source "Perpetual Check"]

1. e4 c5 2. Nf3 d6 3. Bb5+ Bd7 4. Bxd7+ Qxd7 5. O-O Nc6 6. c3 Nf6 7. d4 Nxe4 8.
d5 Nd8 9. Re1 Nf6 10. Bg5 e6 11. Bxf6 gxf6 12. Qd3 Be7 13. Nbd2 O-O 14. Rad1 b5
15. b4 c4 16. Qe3 Kh8 17. Ne4 e5 18. Qh6 Qg4 19. Ng3 Qg6 20. Qh3 f5 21. Nxf5
Re8 22. Re4 Rg8 23. Rde1 Bf8 24. Rh4 f6 25. Ree4 Nf7 26. Reg4 Ng5 27. Nxg5 fxg5
28. Rxg5 Qf7 29. Rxh7+ 1-0